000 00548nam a22001937a 4500
999 _c7997
_d7997
003 BD-JhCC
005 20181204094920.0
008 180217b1376 bg ||||| |||| 00| 0 ben d
035 _a(BD-JhCC)
040 _aBD-JhCC
_dBD-JhCC
041 _aben
082 _a891.443
_bBIK 1376
245 _aবিক্ষুদ্ধ পাকিস্তান /
260 _aকলিকাতা:
_bসাহিত্য প্রকাশনী
_c1376
300 _a344 p. :
_c22 cm.
650 _aHistorical Novel
942 _2ddc
_cBK